[Event "5"]
[Site "Emanuel Lasker Arena"]
[Date "2024.04.09"]
[Round "1"]
[White "Hollis"]
[Black "Brutus"]
[Result "0-1"]
[WhiteElo "1881"]
[BlackElo "2042"]
[Annotator "NA RC"]
[PlyCount "74"]
[EventDate "2024.04.09"]
[EventType "swiss (blitz)"]

1. d4 {[%emt 0:00:01]} Nf6 {[%emt 0:00:01]} 2. c4 {[%emt 0:00:01]} g6 {[%emt 0:00:01]} 3. Nc3 {[%emt 0:00:01]} Bg7 {[%emt 0:00:01]} 4. e4 {[%emt 0:00:01]} d6 {[%emt 0:00:01]} 5. Nf3 {[%emt 0:00:01]} O-O {[%emt 0:00:01]} 6. Be2 {[%emt 0:00:01]} e5 {[%emt 0:00:01]} 7. O-O {[%emt 0:00:01]} Nc6 {[%emt 0:00:01]} 8. d5 {[%emt 0:00:01]} Ne7 {[%emt 0:00:01]} 9. b4 {[%emt 0:00:01]} a5 {[%emt 0:00:01]} 10. Ba3 {[%emt 0:00:02]} axb4 {[%emt 0:00:01]} 11. Bxb4 {[%emt 0:00:01]} Nd7 {[%emt 0:00:01]} 12. a4 {[%emt 0:00:01]} Bh6 {[%emt 0:00:01]} 13. Nb5 {[%emt 0:00:01]} f5 {[%emt 0:00:01]} 14. Nfd4 {[%emt 0:00:06]} exd4 {[%emt 0:00:01]} 15. Qxd4 {[%emt 0:00:01]} Bg7 {[%emt 0:00:04]} 16. e5 {[%emt 0:00:03]} c5 {[%emt 0:00:01]} 17. dxc6 {[%emt 0:00:03]} bxc6 {[%emt 0:00:01]} 18. Nxd6 {[%emt 0:00:01]} Bxe5 {[%emt 0:00:01]} 19. Qd3 {[%emt 0:00:03]} Qb6 {[%emt 0:00:01]} 20. Nxc8 {[%emt 0:00:01]} Nxc8 {[%emt 0:00:01]} 21. Bxf8 {[%emt 0:00:01]} Nxf8 {[%emt 0:00:01]} 22. Rab1 {[%emt 0:00:02]} Qa5 {[%emt 0:00:04]} 23. Rb7 {[%emt 0:00:02]} Nd6 {[%emt 0:00:03]} 24. Bf3 {[%emt 0:00:03]} Nxb7 {[%emt 0:00:01]} 25. Bxc6 {[%emt 0:00:01]} Rd8 {[%emt 0:00:03]} 26. Qe3 {[%emt 0:00:02]} Bd4 {[%emt 0:00:03]} 27. h4 {[%emt 0:00:03]} Bxe3 {[%emt 0:00:01]} 28. fxe3 {[%emt 0:00:01]} Nc5 {[%emt 0:00:02]} 29. Rb1 {[%emt 0:00:01]} Na6 {[%emt 0:00:02]} 30. Bd5+ {[%emt 0:00:01]} Kg7 {[%emt 0:00:01]} 31. Ra1 {[%emt 0:00:01]} Qc3 {[%emt 0:00:01]} 32. Rb1 {[%emt 0:00:02]} Qxe3+ {[%emt 0:00:01]} 33. Kf1 {[%emt 0:00:01]} Nc5 {[%emt 0:00:02]} 34. Rb7+ {[%emt 0:00:01]} Nxb7 {[%emt 0:00:01]} 35. a5 {[%emt 0:00:00]} Nxa5 {[%emt 0:00:01]} 36. h5 {[%emt 0:00:01]} Nxc4 {[%emt 0:00:01]} 37. Bxc4 {[%emt 0:00:00]} Rd1# {[%emt 0:00:01] (Lag: Av=0.06s, max=0.5s)} 0-1

[Event "5"]
[Site "Emanuel Lasker Arena"]
[Date "2024.04.09"]
[Round "1"]
[White "Mrs Florrick"]
[Black "Chartwell"]
[Result "1-0"]
[WhiteElo "1780"]
[BlackElo "2150"]
[Annotator "RC"]
[PlyCount "71"]
[EventDate "2024.04.09"]
[EventType "swiss (blitz)"]

1. e4 {[%emt 0:00:01]} e5 {[%emt 0:00:01]} 2. Nf3 {[%emt 0:00:01]} Nc6 {[%emt 0:00:01]} 3. Bb5 {[%emt 0:00:01]} a6 {[%emt 0:00:01]} 4. Ba4 {[%emt 0:00:01]} Nf6 {[%emt 0:00:01]} 5. O-O {[%emt 0:00:01]} b5 {[%emt 0:00:01]} 6. Bb3 {[%emt 0:00:01]} Nxe4 {[%emt 0:00:01]} 7. Bd5 {[%emt 0:00:04]} Nf6 {[%emt 0:00:01]} 8. Bxc6 {[%emt 0:00:01]} dxc6 {[%emt 0:00:01]} 9. Nxe5 {[%emt 0:00:01]} Qd5 {[%emt 0:00:02]} 10. d4 {[%emt 0:00:04]} Bd6 {[%emt 0:00:05]} 11. Bg5 {[%emt 0:00:04]} Bf5 {[%emt 0:00:04]} 12. Nc3 {[%emt 0:00:03]} Qe6 {[%emt 0:00:01]} 13. Nxc6 {[%emt 0:00:01]} Bxh2+ {[%emt 0:00:01]} 14. Kxh2 {[%emt 0:00:01]} O-O {[%emt 0:00:01]} 15. Qf3 {[%emt 0:00:03]} Rfe8 {[%emt 0:00:04]} 16. Rfe1 {[%emt 0:00:03]} Qd6+ {[%emt 0:00:04]} 17. Qf4 {[%emt 0:00:02]} Ng4+ {[%emt 0:00:03]} 18. Kg1 {[%emt 0:00:02]} Qxc6 {[%emt 0:00:01]} 19. Qxf5 {[%emt 0:00:01]} b4 {[%emt 0:00:03]} 20. Qxg4 {[%emt 0:00:01]} bxc3 {[%emt 0:00:01]} 21. d5 {[%emt 0:00:02]} Qxd5 {[%emt 0:00:03]} 22. Bf6 {[%emt 0:00:02]} g6 {[%emt 0:00:02]} 23. Bxc3 {[%emt 0:00:01]} Rad8 {[%emt 0:00:02]} 24. Rad1 {[%emt 0:00:02]} Qb5 {[%emt 0:00:03]} 25. Rxd8 {[%emt 0:00:01]} Rxd8 {[%emt 0:00:01]} 26. Re7 {[%emt 0:00:02]} Qc5 {[%emt 0:00:02]} 27. Bf6 {[%emt 0:00:01]} Qxc2 {[%emt 0:00:02]} 28. Kh1 {[%emt 0:00:02]} Qxf2 {[%emt 0:00:01]} 29. Bg5 {[%emt 0:00:01]} Qxb2 {[%emt 0:00:01]} 30. Rxc7 {[%emt 0:00:00]} Re8 {[%emt 0:00:02]} 31. Kh2 {[%emt 0:00:01]} Qxa2 {[%emt 0:00:01]} 32. Bf6 {[%emt 0:00:01]} Qd2 {[%emt 0:00:01]} 33. Rd7 {[%emt 0:00:01]} Qf2 {[%emt 0:00:01]} 34. Qe4 {[%emt 0:00:03]} Rxe4 {[%emt 0:00:01]} 35. Rd8+ {[%emt 0:00:01]} Re8 {[%emt 0:00:01]} 36. Rxe8# {[%emt 0:00:00] (Lag: Av=0.06s, max=0.2s)} 1-0

[Event "5"]
[Site "Emanuel Lasker Arena"]
[Date "2024.04.09"]
[Round "1"]
[White "Girlfriend Chess"]
[Black "AlphaHero"]
[Result "0-1"]
[WhiteElo "1753"]
[BlackElo "2021"]
[Annotator "NA RC"]
[PlyCount "56"]
[EventDate "2024.04.09"]
[EventType "swiss (blitz)"]

1. c4 {[%emt 0:00:01]} c5 {[%emt 0:00:01]} 2. Nf3 {[%emt 0:00:01]} Nf6 {[%emt 0:00:01]} 3. d4 {[%emt 0:00:01]} cxd4 {[%emt 0:00:01]} 4. Qxd4 {[%emt 0:00:01]} d5 {[%emt 0:00:01]} 5. cxd5 {[%emt 0:00:01]} Qxd5 {[%emt 0:00:01]} 6. Qxd5 {[%emt 0:00:02]} Nxd5 {[%emt 0:00:01]} 7. e4 {[%emt 0:00:01]} Bf5 {[%emt 0:00:04]} 8. exf5 {[%emt 0:00:01]} g6 {[%emt 0:00:02]} 9. Bc4 {[%emt 0:00:05]} Nb4 {[%emt 0:00:04]} 10. O-O {[%emt 0:00:04]} Bg7 {[%emt 0:00:04]} 11. Bf4 {[%emt 0:00:03]} Bxb2 {[%emt 0:00:01]} 12. fxg6 {[%emt 0:00:03]} Bxa1 {[%emt 0:00:01]} 13. Bxf7+ {[%emt 0:00:01]} Kf8 {[%emt 0:00:01]} 14. g4 {[%emt 0:00:03]} N8c6 {[%emt 0:00:06]} 15. Na3 {[%emt 0:00:03]} Nd3 {[%emt 0:00:03]} 16. Rxa1 {[%emt 0:00:02]} Nxf4 {[%emt 0:00:01]} 17. h4 {[%emt 0:00:03]} hxg6 {[%emt 0:00:01]} 18. Bc4 {[%emt 0:00:03]} Rd8 {[%emt 0:00:03]} 19. Rc1 {[%emt 0:00:02]} e5 {[%emt 0:00:02]} 20. Nb5 {[%emt 0:00:02]} e4 {[%emt 0:00:02]} 21. Bg8 {[%emt 0:00:02]} Ne2+ {[%emt 0:00:02]} 22. Kh2 {[%emt 0:00:01]} Kxg8 {[%emt 0:00:01]} 23. Ng5 {[%emt 0:00:02]} Rxh4+ {[%emt 0:00:01]} 24. Kg2 {[%emt 0:00:01]} Rxg4+ {[%emt 0:00:01]} 25. Kh2 {[%emt 0:00:01]} Rxg5 {[%emt 0:00:01]} 26. Rxc6 {[%emt 0:00:01]} bxc6 {[%emt 0:00:01]} 27. Nxa7 {[%emt 0:00:01]} Rd7 {[%emt 0:00:01]} 28. Nxc6 {[%emt 0:00:01]} Rh7# {[%emt 0:00:01] (Lag: Av=0.06s, max=0.2s)} 0-1

[Event "5"]
[Site "Emanuel Lasker Arena"]
[Date "2024.04.09"]
[Round "1"]
[White "Einpassant"]
[Black "Triskaidekaphobe"]
[Result "0-1"]
[WhiteElo "1620"]
[BlackElo "1620"]
[Annotator "NA RC"]
[PlyCount "58"]
[EventDate "2024.04.09"]
[EventType "swiss (blitz)"]

1. c4 {[%emt 0:00:01]} e6 {[%emt 0:00:01]} 2. Nf3 {[%emt 0:00:01]} d5 {[%emt 0:00:00]} 3. g3 {[%emt 0:00:01]} Nf6 {[%emt 0:00:01]} 4. Bg2 {[%emt 0:00:01]} dxc4 {[%emt 0:00:01]} 5. Qa4+ {[%emt 0:00:01]} Nbd7 {[%emt 0:00:01]} 6. Qxc4 {[%emt 0:00:01]} c5 {[%emt 0:00:01]} 7. Qb3 {[%emt 0:00:01]} b5 {[%emt 0:00:01]} 8. Ne5 {[%emt 0:00:01]} Ba6 {[%emt 0:00:02]} 9. Bxa8 {[%emt 0:00:01]} Qxa8 {[%emt 0:00:01]} 10. Nf3 {[%emt 0:00:02]} b4 {[%emt 0:00:07]} 11. d3 {[%emt 0:00:04]} Bd6 {[%emt 0:00:04]} 12. Bg5 {[%emt 0:00:04]} Ng4 {[%emt 0:00:03]} 13. O-O {[%emt 0:00:03]} O-O {[%emt 0:00:03]} 14. Qa4 {[%emt 0:00:03]} Qb7 {[%emt 0:00:03]} 15. Nbd2 {[%emt 0:00:03]} Nb6 {[%emt 0:00:02]} 16. Qa5 {[%emt 0:00:03]} c4 {[%emt 0:00:03]} 17. Ne4 {[%emt 0:00:03]} Nc8 {[%emt 0:00:02]} 18. Rac1 {[%emt 0:00:02]} cxd3 {[%emt 0:00:01]} 19. exd3 {[%emt 0:00:01]} Bxd3 {[%emt 0:00:01]} 20. Rxc8 {[%emt 0:00:01]} Rxc8 {[%emt 0:00:01]} 21. Nxd6 {[%emt 0:00:01]} Qxf3 {[%emt 0:00:01]} 22. Nxc8 {[%emt 0:00:02]} h6 {[%emt 0:00:02]} 23. Qd8+ {[%emt 0:00:02]} Kh7 {[%emt 0:00:01]} 24. Ne7 {[%emt 0:00:02]} hxg5 {[%emt 0:00:01]} 25. Qg8+ {[%emt 0:00:02]} Kh6 {[%emt 0:00:01]} 26. b3 {[%emt 0:00:01]} Kh5 {[%emt 0:00:01]} 27. h3 {[%emt 0:00:02]} Be4 {[%emt 0:00:02]} 28. hxg4+ {[%emt 0:00:01]} Kxg4 {[%emt 0:00:01]} 29. Qxg7 {[%emt 0:00:01]} Qh1# {[%emt 0:00:01] (Lag: Av=0.05s, max=0.1s)} 0-1

[Event "5"]
[Site "Emanuel Lasker Arena"]
[Date "2024.04.09"]
[Round "1"]
[White "Endspielexperte"]
[Black "StressTest"]
[Result "0-1"]
[WhiteElo "1620"]
[BlackElo "2101"]
[Annotator "RC"]
[PlyCount "108"]
[EventDate "2024.04.09"]
[EventType "swiss (blitz)"]

1. d4 {[%emt 0:00:01]} Nf6 {[%emt 0:00:01]} 2. c4 {[%emt 0:00:01]} g6 {[%emt 0:00:01]} 3. Nc3 {[%emt 0:00:01]} Bg7 {[%emt 0:00:01]} 4. e4 {[%emt 0:00:01]} d6 {[%emt 0:00:01]} 5. Nf3 {[%emt 0:00:01]} O-O {[%emt 0:00:01]} 6. Be2 {[%emt 0:00:00]} e5 {[%emt 0:00:01]} 7. dxe5 {[%emt 0:00:01]} dxe5 {[%emt 0:00:01]} 8. Qxd8 {[%emt 0:00:01]} Rxd8 {[%emt 0:00:01]} 9. Bg5 {[%emt 0:00:01]} Re8 {[%emt 0:00:01]} 10. Nd5 {[%emt 0:00:01]} Nxd5 {[%emt 0:00:01]} 11. cxd5 {[%emt 0:00:01]} c6 {[%emt 0:00:01]} 12. Bc4 {[%emt 0:00:01]} cxd5 {[%emt 0:00:01]} 13. Bxd5 {[%emt 0:00:01]} Na6 {[%emt 0:00:01]} 14. O-O {[%emt 0:00:01]} Nb4 {[%emt 0:00:04]} 15. Bf4 {[%emt 0:00:02]} Nxd5 {[%emt 0:00:01]} 16. Bd2 {[%emt 0:00:03]} Nf4 {[%emt 0:00:04]} 17. h3 {[%emt 0:00:03]} b5 {[%emt 0:00:04]} 18. a4 {[%emt 0:00:03]} Rb8 {[%emt 0:00:03]} 19. axb5 {[%emt 0:00:07]} Rxb5 {[%emt 0:00:01]} 20. Rxa7 {[%emt 0:00:01]} Rxb2 {[%emt 0:00:06]} 21. Bxf4 {[%emt 0:00:03]} exf4 {[%emt 0:00:01]} 22. Rc1 {[%emt 0:00:02]} Rb7 {[%emt 0:00:02]} 23. Ra5 {[%emt 0:00:02]} Bb2 {[%emt 0:00:02]} 24. Rd1 {[%emt 0:00:02]} Rb3 {[%emt 0:00:02]} 25. Ra8 {[%emt 0:00:02]} Ra3 {[%emt 0:00:02]} 26. Rxa3 {[%emt 0:00:01]} Bxa3 {[%emt 0:00:01]} 27. Ra1 {[%emt 0:00:01]} Bc5 {[%emt 0:00:01]} 28. Ra8 {[%emt 0:00:01]} Bd7 {[%emt 0:00:01]} 29. Ra5 {[%emt 0:00:01]} Bb6 {[%emt 0:00:01]} 30. Rd5 {[%emt 0:00:01]} Be6 {[%emt 0:00:01]} 31. Rb5 {[%emt 0:00:01]} Bd5 {[%emt 0:00:01]} 32. exd5 {[%emt 0:00:01]} Ba7 {[%emt 0:00:01]} 33. d6 {[%emt 0:00:01]} Re6 {[%emt 0:00:01]} 34. Rb7 {[%emt 0:00:01]} Be3 {[%emt 0:00:01]} 35. d7 {[%emt 0:00:01]} Rd6 {[%emt 0:00:01]} 36. Rb8+ {[%emt 0:00:01]} Kg7 {[%emt 0:00:01]} 37. d8=Q {[%emt 0:00:00]} Rxd8 {[%emt 0:00:00]} 38. Rxd8 {[%emt 0:00:01]} Ba7 {[%emt 0:00:01]} 39. Rd7 {[%emt 0:00:01]} Bd4 {[%emt 0:00:01]} 40. Nxd4 {[%emt 0:00:01]} Kf6 {[%emt 0:00:01]} 41. Nf3 {[%emt 0:00:00]} Kg7 {[%emt 0:00:00]} 42. Nh2 {[%emt 0:00:00]} f3 {[%emt 0:00:00]} 43. Rd2 {[%emt 0:00:01]} fxg2 {[%emt 0:00:00]} 44. Rd1 {[%emt 0:00:00]} Kf6 {[%emt 0:00:01]} 45. Rd7 {[%emt 0:00:00]} Ke6 {[%emt 0:00:00]} 46. Rd2 {[%emt 0:00:00]} Ke5 {[%emt 0:00:01]} 47. Kxg2 {[%emt 0:00:00]} Ke6 {[%emt 0:00:00]} 48. Rd8 {[%emt 0:00:00]} h6 {[%emt 0:00:00]} 49. Nf3 {[%emt 0:00:00]} Kf6 {[%emt 0:00:00]} 50. Rd7 {[%emt 0:00:00]} Ke6 {[%emt 0:00:00]} 51. Ra7 {[%emt 0:00:00]} Kf5 {[%emt 0:00:00]} 52. Rd7 {[%emt 0:00:00]} f6 {[%emt 0:00:00]} 53. h4 {[%emt 0:00:01]} g5 {[%emt 0:00:00]} 54. hxg5 {[%emt 0:00:01] .} fxg5 {[%emt 0:00:00]} 0-1

[Event "5"]
[Site "Emanuel Lasker Arena"]
[Date "2024.04.09"]
[Round "1"]
[White "Karpovs Shadow"]
[Black "CheckMaid"]
[Result "0-1"]
[WhiteElo "1620"]
[BlackElo "1650"]
[Annotator "NA RC"]
[PlyCount "82"]
[EventDate "2024.04.09"]
[EventType "swiss (blitz)"]

1. d4 {[%emt 0:00:01]} f5 {[%emt 0:00:01]} 2. g3 {[%emt 0:00:01]} Nf6 {[%emt 0:00:01]} 3. Nf3 {[%emt 0:00:07]} e6 {[%emt 0:00:01]} 4. c4 {[%emt 0:00:01]} Be7 {[%emt 0:00:04]} 5. Nc3 {[%emt 0:00:01]} Ne4 {[%emt 0:00:01]} 6. Qc2 {[%emt 0:00:01]} d5 {[%emt 0:00:01]} 7. Bf4 {[%emt 0:00:01]} Nc6 {[%emt 0:00:03]} 8. Bg2 {[%emt 0:00:08]} Nb4 {[%emt 0:00:02]} 9. Qd1 {[%emt 0:00:07]} g5 {[%emt 0:00:04]} 10. a3 {[%emt 0:00:03]} gxf4 {[%emt 0:00:01]} 11. axb4 {[%emt 0:00:02]} Bxb4 {[%emt 0:00:01]} 12. Qa4+ {[%emt 0:00:01]} c6 {[%emt 0:00:03]} 13. Qxb4 {[%emt 0:00:01]} a5 {[%emt 0:00:03]} 14. Qb3 {[%emt 0:00:02]} h6 {[%emt 0:00:03]} 15. Ne5 {[%emt 0:00:02]} Qg5 {[%emt 0:00:03]} 16. Qb6 {[%emt 0:00:02]} Ra6 {[%emt 0:00:03]} 17. h4 {[%emt 0:00:05]} Qg7 {[%emt 0:00:03]} 18. Qb3 {[%emt 0:00:01]} fxg3 {[%emt 0:00:01]} 19. Nxe4 {[%emt 0:00:01]} dxe4 {[%emt 0:00:01]} 20. fxg3 {[%emt 0:00:01]} a4 {[%emt 0:00:03]} 21. Qe3 {[%emt 0:00:02]} c5 {[%emt 0:00:02]} 22. O-O-O {[%emt 0:00:02]} b5 {[%emt 0:00:03]} 23. cxb5 {[%emt 0:00:01]} Ra5 {[%emt 0:00:02]} 24. Bxe4 {[%emt 0:00:01]} fxe4 {[%emt 0:00:01]} 25. g4 {[%emt 0:00:01]} Rxb5 {[%emt 0:00:01]} 26. Qxe4 {[%emt 0:00:01]} cxd4 {[%emt 0:00:02]} 27. Rxd4 {[%emt 0:00:00]} Qxe5 {[%emt 0:00:01]} 28. Qh7 {[%emt 0:00:00]} Rxh7 {[%emt 0:00:01]} 29. Rxa4 {[%emt 0:00:00]} Rc7+ {[%emt 0:00:01]} 30. Kd1 {[%emt 0:00:00]} Rd5+ {[%emt 0:00:01]} 31. Ke1 {[%emt 0:00:00]} Qh2 {[%emt 0:00:01]} 32. Rxh2 {[%emt 0:00:00]} Rc2 {[%emt 0:00:01]} 33. g5 {[%emt 0:00:00]} hxg5 {[%emt 0:00:00]} 34. hxg5 {[%emt 0:00:00]} Rxb2 {[%emt 0:00:00]} 35. Rh7 {[%emt 0:00:00]} Rxg5 {[%emt 0:00:00]} 36. Raa7 {[%emt 0:00:00]} Rf5 {[%emt 0:00:01]} 37. Rhg7 {[%emt 0:00:00]} Kf8 {[%emt 0:00:01]} 38. Rh7 {[%emt 0:00:00]} Rg5 {[%emt 0:00:00]} 39. Rh8+ {[%emt 0:00:00]} Rg8 {[%emt 0:00:00]} 40. Rhh7 {[%emt 0:00:00]} Rg1+ {[%emt 0:00:01]} 41. Kf2 {[%emt 0:00:01] .} Ba6 {[%emt 0:00:01]} 0-1

[Event "5"]
[Site "Emanuel Lasker Arena"]
[Date "2024.04.09"]
[Round "1"]
[White "Klaus Junge"]
[Black "Stachelrochade"]
[Result "1-0"]
[WhiteElo "1620"]
[BlackElo "1620"]
[Annotator "NA RC"]
[PlyCount "71"]
[EventDate "2024.04.09"]
[EventType "swiss (blitz)"]

1. e4 {[%emt 0:00:01]} e5 {[%emt 0:00:01]} 2. Nf3 {[%emt 0:00:01]} Nc6 {[%emt 0:00:01]} 3. Bb5 {[%emt 0:00:01]} Nf6 {[%emt 0:00:01]} 4. d3 {[%emt 0:00:01]} Bc5 {[%emt 0:00:01]} 5. c3 {[%emt 0:00:01]} O-O {[%emt 0:00:01]} 6. Bxc6 {[%emt 0:00:00]} dxc6 {[%emt 0:00:01]} 7. Nxe5 {[%emt 0:00:01]} Re8 {[%emt 0:00:04]} 8. f4 {[%emt 0:00:02]} a5 {[%emt 0:00:02]} 9. Nd2 {[%emt 0:00:04]} Ng4 {[%emt 0:00:02]} 10. d4 {[%emt 0:00:01]} Ne3 {[%emt 0:00:04]} 11. Qh5 {[%emt 0:00:04]} Be6 {[%emt 0:00:04]} 12. f5 {[%emt 0:00:04]} Bd5 {[%emt 0:00:04]} 13. Nb3 {[%emt 0:00:01]} Rxe5 {[%emt 0:00:03]} 14. Nxc5 {[%emt 0:00:01]} Rxe4 {[%emt 0:00:01]} 15. Nxe4 {[%emt 0:00:01]} Nc2+ {[%emt 0:00:03]} 16. Kf2 {[%emt 0:00:05]} Bxe4 {[%emt 0:00:01]} 17. Bg5 {[%emt 0:00:03]} Qd5 {[%emt 0:00:03]} 18. Raf1 {[%emt 0:00:03]} Bxf5 {[%emt 0:00:01]} 19. g4 {[%emt 0:00:03]} Nxd4 {[%emt 0:00:04]} 20. gxf5 {[%emt 0:00:01]} Nxf5 {[%emt 0:00:01]} 21. Qf3 {[%emt 0:00:03]} Qb5 {[%emt 0:00:02]} 22. h4 {[%emt 0:00:02]} Qxb2+ {[%emt 0:00:02]} 23. Kg1 {[%emt 0:00:01]} g6 {[%emt 0:00:02]} 24. h5 {[%emt 0:00:02]} Qxa2 {[%emt 0:00:01]} 25. hxg6 {[%emt 0:00:01]} fxg6 {[%emt 0:00:01]} 26. Rh2 {[%emt 0:00:02]} Qd5 {[%emt 0:00:02]} 27. Qh3 {[%emt 0:00:02]} Qf7 {[%emt 0:00:01]} 28. c4 {[%emt 0:00:01]} a4 {[%emt 0:00:01]} 29. Qc3 {[%emt 0:00:01]} a3 {[%emt 0:00:01]} 30. c5 {[%emt 0:00:01]} a2 {[%emt 0:00:01]} 31. Re1 {[%emt 0:00:01]} Qc4 {[%emt 0:00:01]} 32. Qxc4+ {[%emt 0:00:01]} Kf8 {[%emt 0:00:00]} 33. Rxh7 {[%emt 0:00:01]} Ng3 {[%emt 0:00:01]} 34. Rxc7 {[%emt 0:00:01]} a1=Q {[%emt 0:00:00]} 35. Bh6+ {[%emt 0:00:00]} Qg7 {[%emt 0:00:00]} 36. Bxg7# {[%emt 0:00:00] (Lag: Av=0.05s, max=0.1s)} 1-0

[Event "5"]
[Site "Emanuel Lasker Arena"]
[Date "2024.04.09"]
[Round "1"]
[White "Lord Grantham"]
[Black "Sunset"]
[Result "0-1"]
[WhiteElo "1620"]
[BlackElo "1878"]
[Annotator "NA RC"]
[PlyCount "32"]
[EventDate "2024.04.09"]
[EventType "swiss (blitz)"]

1. c4 {[%emt 0:00:01]} g6 {[%emt 0:00:01]} 2. Nc3 {[%emt 0:00:00]} c5 {[%emt 0:00:01]} 3. g3 {[%emt 0:00:01]} Bg7 {[%emt 0:00:01]} 4. Nf3 {[%emt 0:00:01]} Nf6 {[%emt 0:00:01]} 5. d4 {[%emt 0:00:01]} O-O {[%emt 0:00:01]} 6. dxc5 {[%emt 0:00:01]} Qc7 {[%emt 0:00:01]} 7. b4 {[%emt 0:00:01]} Ne4 {[%emt 0:00:01]} 8. Nd5 {[%emt 0:00:04]} Qd8 {[%emt 0:00:04]} 9. Bf4 {[%emt 0:00:03]} e6 {[%emt 0:00:04]} 10. c6 {[%emt 0:00:01]} Nxc6 {[%emt 0:00:01]} 11. Bg2 {[%emt 0:00:01]} exd5 {[%emt 0:00:01]} 12. Qxd5 {[%emt 0:00:01]} Bc3+ {[%emt 0:00:01]} 13. Kf1 {[%emt 0:00:03]} d6 {[%emt 0:00:01]} 14. Rc1 {[%emt 0:00:04]} Bf5 {[%emt 0:00:04]} 15. b5 {[%emt 0:00:03]} Qb6 {[%emt 0:00:03]} 16. bxc6 {[%emt 0:00:03]} Qxf2# {[%emt 0:00:03] (Lag: Av=0.07s, max=0.3s)} 0-1

[Event "5"]
[Site "Emanuel Lasker Arena"]
[Date "2024.04.09"]
[Round "1"]
[White "Melancholia"]
[Black "NicholasRenzi"]
[Result "1-0"]
[WhiteElo "1620"]
[BlackElo "2017"]
[Annotator "NA RC"]
[PlyCount "97"]
[EventDate "2024.04.09"]
[EventType "swiss (blitz)"]

1. d4 {[%emt 0:00:01]} d5 {[%emt 0:00:01]} 2. c4 {[%emt 0:00:01]} c6 {[%emt 0:00:01]} 3. Nf3 {[%emt 0:00:01]} Nf6 {[%emt 0:00:01]} 4. e3 {[%emt 0:00:01]} a6 {[%emt 0:00:01]} 5. Bd3 {[%emt 0:00:01]} b5 {[%emt 0:00:04]} 6. cxd5 {[%emt 0:00:01]} cxd5 {[%emt 0:00:01]} 7. a4 {[%emt 0:00:01]} b4 {[%emt 0:00:01]} 8. Ne5 {[%emt 0:00:01]} e6 {[%emt 0:00:01]} 9. Nd2 {[%emt 0:00:04]} Bd6 {[%emt 0:00:01]} 10. O-O {[%emt 0:00:04]} O-O {[%emt 0:00:01]} 11. g4 {[%emt 0:00:03]} Qc7 {[%emt 0:00:04]} 12. f4 {[%emt 0:00:03]} a5 {[%emt 0:00:03]} 13. g5 {[%emt 0:00:03]} Bxe5 {[%emt 0:00:03]} 14. fxe5 {[%emt 0:00:01]} Ne8 {[%emt 0:00:04]} 15. Qh5 {[%emt 0:00:02]} g6 {[%emt 0:00:01]} 16. Qh6 {[%emt 0:00:03]} Nd7 {[%emt 0:00:03]} 17. b3 {[%emt 0:00:02]} Qc3 {[%emt 0:00:03]} 18. Be4 {[%emt 0:00:03]} Ng7 {[%emt 0:00:01]} 19. Bb2 {[%emt 0:00:03]} Qxd2 {[%emt 0:00:01]} 20. Rf2 {[%emt 0:00:01]} Qxe3 {[%emt 0:00:01]} 21. Bb1 {[%emt 0:00:01]} Ba6 {[%emt 0:00:01]} 22. Bc2 {[%emt 0:00:02]} f5 {[%emt 0:00:02]} 23. exf6 {[%emt 0:00:01]} Rxf6 {[%emt 0:00:02]} 24. gxf6 {[%emt 0:00:01]} Qxh6 {[%emt 0:00:01]} 25. f7+ {[%emt 0:00:01]} Kf8 {[%emt 0:00:01]} 26. Raf1 {[%emt 0:00:02]} Qg5+ {[%emt 0:00:01]} 27. Rg2 {[%emt 0:00:01]} Qe3+ {[%emt 0:00:01]} 28. Rgf2 {[%emt 0:00:01]} Bxf1 {[%emt 0:00:01]} 29. Kxf1 {[%emt 0:00:00]} Nf5 {[%emt 0:00:01]} 30. Re2 {[%emt 0:00:01]} Qf3+ {[%emt 0:00:01]} 31. Rf2 {[%emt 0:00:01]} Ne3+ {[%emt 0:00:02]} 32. Ke1 {[%emt 0:00:01]} Nxc2+ {[%emt 0:00:01]} 33. Rxc2 {[%emt 0:00:00]} Kxf7 {[%emt 0:00:00]} 34. Rf2 {[%emt 0:00:02]} Ne5 {[%emt 0:00:03]} 35. Rxf3+ {[%emt 0:00:01]} Nxf3+ {[%emt 0:00:00]} 36. Kf1 {[%emt 0:00:01]} Rc8 {[%emt 0:00:01]} 37. h3 {[%emt 0:00:00]} Rc2 {[%emt 0:00:01]} 38. Ba1 {[%emt 0:00:00]} e5 {[%emt 0:00:01]} 39. dxe5 {[%emt 0:00:00]} Ke6 {[%emt 0:00:01]} 40. h4 {[%emt 0:00:01]} Nxe5 {[%emt 0:00:00]} 41. Bxe5 {[%emt 0:00:00]} Kxe5 {[%emt 0:00:00]} 42. Ke1 {[%emt 0:00:00]} h5 {[%emt 0:00:01]} 43. Kd1 {[%emt 0:00:00]} Rh2 {[%emt 0:00:00]} 44. Ke1 {[%emt 0:00:00]} Rxh4 {[%emt 0:00:00]} 45. Kf1 {[%emt 0:00:00]} Rh3 {[%emt 0:00:00]} 46. Kg1 {[%emt 0:00:00]} Rxb3 {[%emt 0:00:00]} 47. Kg2 {[%emt 0:00:01]} d4 {[%emt 0:00:00]} 48. Kf2 {[%emt 0:00:00]} d3 {[%emt 0:00:00] '} 49. Kf3 {[%emt 0:00:00] (Lag: Av=0.06s, max=0.4s)} 1-0